Adivina las series por escenas #3 - Estadísticas

Estadísticas generales
  • Esta prueba ha sido intentada 13 veces
  • La puntuación promedio es 8 de 16
Estadísticas de respuestas
Imagen Hint Respuesta % Correcto
2010-2018 Adventure Time
100%
2020-Act. Bridgerton
82%
1999-Act. Family Guy
82%
2010-2017 Sherlock
82%
2006-2013 Dexter
64%
2009-2015 Glee
55%
1982-1986 Knight Rider
55%
2020 The Queen's Gambit
55%
2009-2017 The Vampire Diaries
55%
2014-2020 Bojack Horseman
45%
2015-2017 Narcos
45%
2017-2020 Dark
36%
2018-Act. The Rookie
27%
2010-2017 Pretty Little Liars
18%
2016-2020 The Good Place
9%
2002-2008 The Wire
9%
No se encontraron pruebas coincidentes
Distribución de puntuación
Porcentaje de gente con cada puntuación
Porcentaje por número respondido
Historial de tus puntuaciones
No has intentado esta prueba.